Արևելահայ գյուղացիության սոցիալ-տնտեսական դրությունը XVI-XVIII դդ. / (Record no. 5304)
[ view plain ]
| 000 -LEADER | |
|---|---|
| fixed length control field | 01065nam a2200229 a 4500 |
| 001 - CONTROL NUMBER | |
| control field | 000017497 |
| 003 - CONTROL NUMBER IDENTIFIER | |
| control field | AM-YEHGA |
| 005 - DATE AND TIME OF LATEST TRANSACTION | |
| control field | 20251201163803.0 |
| 008 - FIXED-LENGTH DATA ELEMENTS--GENERAL INFORMATION | |
| fixed length control field | 001205s1991 ai ||||gr|||||||||0|arm|d |
| 040 ## - CATALOGING SOURCE | |
| Original cataloging agency | AM-YeHGA |
| 041 0# - LANGUAGE CODE | |
| Language code of text/sound track or separate title | arm |
| 100 1# - MAIN ENTRY--PERSONAL NAME | |
| Personal name | Թորոսյան, Համլետ Վանուշի |
| 245 10 - TITLE STATEMENT | |
| Title | Արևելահայ գյուղացիության սոցիալ-տնտեսական դրությունը XVI-XVIII դդ. / |
| Statement of responsibility, etc. | Հ.Վ. Թորոսյան ; Խմբ. Ս.Խ. Ալեքսանյան ; ՀԳԱ. Պատմ. ին-տ. |
| 246 35 - VARYING FORM OF TITLE | |
| Title proper/short title | Социально-экономическое положение крестьянства Восточной Армении в XVI-XVIII вв. |
| 260 ## - PUBLICATION, DISTRIBUTION, ETC. | |
| Place of publication, distribution, etc. | Երևան : |
| Name of publisher, distributor, etc. | Հայաստանի ԳԱ, |
| Date of publication, distribution, etc. | 1991. |
| 300 ## - PHYSICAL DESCRIPTION | |
| Extent | 159 էջ |
| 650 14 - SUBJECT ADDED ENTRY--TOPICAL TERM | |
| Topical term or geographic name entry element | Տնտեսագիտություն |
| 700 1# - ADDED ENTRY--PERSONAL NAME | |
| Personal name | Ալեքսանյան, Ս.Խ. |
| Relator term | խմբ. |
| Relationship | edt |
| 710 2# - ADDED ENTRY--CORPORATE NAME | |
| Corporate name or jurisdiction name as entry element | Պատմության ինստիտուտ ՀԳԱ |
| 856 41 - ELECTRONIC LOCATION AND ACCESS | |
| Uniform Resource Identifier | <a href="https://arar.sci.am/dlibra/publication/413049/edition/381668/content">https://arar.sci.am/dlibra/publication/413049/edition/381668/content</a> |
| Link text | Կարդալ առցանց |
| 942 ## - ADDED ENTRY ELEMENTS (KOHA) | |
| Source of classification or shelving scheme | Universal Decimal Classification |
| Koha item type | Գրքեր / Books |
| Withdrawn status | Lost status | Source of classification or shelving scheme | Damaged status | Not for loan | Collection | Home library | Current library | Date acquired | Total checkouts | Full call number | Barcode | Date last seen | Price effective from | Koha item type | Public note |
|---|---|---|---|---|---|---|---|---|---|---|---|---|---|---|---|
| Universal Decimal Classification | General | Fundamental Scientific Library | Fundamental Scientific Library | 21/12/2016 | AII/82295 | 220082295 | 21/12/2016 | 21/12/2016 | Գրքեր / Books | 30 Days Loan | |||||
| Universal Decimal Classification | General | Fundamental Scientific Library | Fundamental Scientific Library | 21/12/2016 | AII/82296 | 220082296 | 21/12/2016 | 21/12/2016 | Գրքեր / Books | 30 Days Loan | |||||
| Universal Decimal Classification | General | Fundamental Scientific Library | Fundamental Scientific Library | 21/12/2016 | AII/82297 | FL0686381 | 21/12/2016 | 21/12/2016 | Գրքեր / Books | 30 Days Loan | |||||
| Universal Decimal Classification | General | Fundamental Scientific Library | Fundamental Scientific Library | 02/10/2024 | AII/81909 | 220081909 | 02/10/2024 | 02/10/2024 | Գրքեր / Books | 30 Days Loan |
ՀՀ Գիտությունների ազգային ակադեմիայի հիմնարար գիտական գրադարան = Fundamental Scientific Library of NAS RA
All site content, except where otherwise noted, is licensed under a